[Event "Hawick op"]
[Site "Hawick"]
[Date "2004.06.27"]
[Round "4"]
[White "Mitchell, Martin"]
[Black "Condie, Mark L"]
[Result "1/2-1/2"]
[WhiteElo "2086"]
[BlackElo "2360"]
[PlyCount "72"]
[EventDate "2004.06.25"]
[EventType "swiss"]
[EventRounds "5"]
[EventCountry "SCO"]
[SourceTitle "EXT 2007"]
[Source "ChessBase"]
[SourceDate "2006.11.23"]
[SourceVersion "1"]
[SourceVersionDate "2006.11.23"]
[SourceQuality "1"]

1. d4 Nf6 2. c4 e6 3. Nc3 Bb4 4. e3 0-0 5. Nge2 d5 6. a3 Be7 7. cxd5 exd5 8. Ng3 Re8 9. Bd3 b6 10. 0-0 Ba6 11. Re1 c5 12. Bxa6 Nxa6 13. Qa4 Nc7 14. dxc5 bxc5 15. b4 d4 16. Rd1 Nfd5 17. Nce2 Bf6 18. Rb1 Qe7 19. exd4 cxd4 20. Bb2 Nc3 21. Bxc3 dxc3 22. Rd7 Qe5 23. Qb3 Ne6 24. Rd5 Qc7 25. Rc1 Qf4 26. Qc2 Rad8 27. Rxd8 Rxd8 28. Nh5 Qg5 29. Nxf6+ Qxf6 30. Qe4 g5 31. g3 Kg7 32. Qe3 Rc8 33. Qxa7 c2 34. Qe3 Qb2 35. Qd2 Qxa3 36. Rxc2 Rxc2 1/2-1/2

[Event "Hawick op"]
[Site "Hawick"]
[Date "2004.06.26"]
[Round "3"]
[White "Condie, Mark L"]
[Black "Eggleston, David"]
[Result "1-0"]
[WhiteElo "2360"]
[BlackElo "2096"]
[PlyCount "61"]
[EventDate "2004.06.25"]
[EventType "swiss"]
[EventRounds "5"]
[EventCountry "SCO"]
[SourceTitle "EXT 2007"]
[Source "ChessBase"]
[SourceDate "2006.11.23"]
[SourceVersion "1"]
[SourceVersionDate "2006.11.23"]
[SourceQuality "1"]

1. d4 e6 2. Nf3 d5 3. g3 Nf6 4. Bg2 Be7 5. 0-0 0-0 6. c4 dxc4 7. Na3 Bxa3 8. bxa3 Bd7 9. Qc2 b5 10. Ne5 Nd5 11. Bb2 Nc6 12. e4 Nxe5 13. dxe5 Nb6 14. Rad1 Na4 15. Bd4 Qe7 16. f4 f6 17. exf6 gxf6 18. e5 fxe5 19. Bxe5 Rac8 20. Qe2 Be8 21. g4 Bg6 22. f5 exf5 23. gxf5 Rxf5 24. Bd5+ Kf8 25. Rxf5+ Bxf5 26. Qe3 c6 27. Qf4 Qc5+ 28. Rd4 Ke8 29. Bd6 Qxd4+ 30. Qxd4 cxd5 31. Qg7 1-0

[Event "Isle of Lewis op"]
[Site "Isle of Lewis"]
[Date "1995.??.??"]
[Round "?"]
[White "Condie, Mark L"]
[Black "McShane, Luke J"]
[Result "1-0"]
[WhiteElo "2450"]
[BlackElo "2145"]
[PlyCount "63"]
[EventDate "1995.??.??"]
[EventType "swiss"]
[EventRounds "6"]
[EventCountry "SCO"]
[SourceTitle "EXT 2001"]
[Source "ChessBase"]
[SourceDate "2000.11.22"]
[SourceVersion "1"]
[SourceVersionDate "2000.11.22"]
[SourceQuality "1"]

1. d4 Nf6 2. Bg5 Ne4 3. h4 h6 4. Bf4 d5 5. Nd2 Nxd2 6. Qxd2 Nd7 7. e4 dxe4 8. Bc4 c5 9. dxc5 e6 10. b4 Be7 11. Ne2 a5 12. Nc3 axb4 13. Nxe4 Nxc5 14. Qxd8+ Kxd8 15. 0-0-0+ Ke8 16. Bb5+ Bd7 17. Rxd7 Nxd7 18. Rd1 f5 19. Bxd7+ Kf7 20. Nd6+ Bxd6 21. Rxd6 Rhd8 22. Bxe6+ Kf6 23. Bb3+ Rxd6 24. Bxd6 Re8 25. Bxb4 Re2 26. Bc5 Re1+ 27. Kd2 Rg1 28. Bd5 b5 29. h5 Rh1 30. Bd4+ Kg5 31. f4+ Kg4 32. Bxg7 1-0

[Event "BCF-ch 82nd"]
[Site "Swansea"]
[Date "1995.??.??"]
[Round "7"]
[White "Menadue, Jeremy FS"]
[Black "Condie, Mark L"]
[Result "1/2-1/2"]
[WhiteElo "2255"]
[BlackElo "2450"]
[PlyCount "31"]
[EventDate "1995.08.??"]
[EventType "swiss"]
[EventRounds "11"]
[EventCountry "WLS"]
[SourceTitle "EXT 1997"]
[Source "ChessBase"]
[SourceDate "1996.11.15"]
[SourceVersion "1"]
[SourceVersionDate "1996.11.15"]
[SourceQuality "1"]

1. d4 d5 2. c4 c6 3. Nf3 e6 4. Nc3 f5 5. Bg5 Nf6 6. e3 Bd6 7. Bd3 0-0 8. Qc2 h6 9. Bh4 Qe8 10. cxd5 Nxd5 11. Bg3 Bxg3 12. hxg3 Nb4 13. Qd2 Nxd3+ 14. Qxd3 b6 15. Ne5 Nd7 16. Nxd7 1/2-1/2

[Event "SCO-ch"]
[Site "Scotland"]
[Date "1995.??.??"]
[Round "8"]
[White "Pritchett, Craig William"]
[Black "Condie, Mark L"]
[Result "0-1"]
[WhiteElo "2345"]
[BlackElo "2450"]
[PlyCount "90"]
[EventDate "1995.??.??"]
[EventType "swiss"]
[EventRounds "9"]
[EventCountry "SCO"]
[SourceTitle "EXT 1997"]
[Source "ChessBase"]
[SourceDate "1996.11.15"]
[SourceVersion "1"]
[SourceVersionDate "1996.11.15"]
[SourceQuality "1"]

1. Nf3 d5 2. c4 d4 3. g3 f6 4. Bg2 c5 5. 0-0 Nc6 6. d3 e5 7. e3 Be6 8. exd4 cxd4 9. a3 a5 10. Nbd2 Nh6 11. Rb1 Nf7 12. Re1 Be7 13. Nb3 0-0 14. Na1 Qd7 15. Nc2 Bh3 16. Bh1 f5 17. b4 Bf6 18. b5 Ne7 19. a4 Ng6 20. Ba3 Rfe8 21. c5 Rad8 22. Nd2 e4 23. dxe4 f4 24. Na1 Nfe5 25. Nab3 Nd3 26. Nxa5 Nxf2 27. c6 bxc6 28. bxc6 Qa7 29. Qb3+ Kh8 30. Qb6 Qf7 31. Nb7 fxg3 32. hxg3 Nxh1 33. Kxh1 Bg5 34. Rf1 Bxf1 35. Rxf1 Qe6 36. Nf3 Qh3+ 37. Nh2 Qxg3 38. Nxd8 Bxd8 39. Qxd4 Qxa3 40. c7 Bxc7 41. Qd7 Qe7 42. Qxe7 Rxe7 43. Rc1 h6 44. Nf3 Bf4 45. Rc8+ Kh7 0-1

[Event "SCO-ch"]
[Site "Scotland"]
[Date "1995.??.??"]
[Round "2"]
[White "Robertson, Ian C"]
[Black "Condie, Mark L"]
[Result "1-0"]
[WhiteElo "2175"]
[BlackElo "2450"]
[PlyCount "113"]
[EventDate "1995.??.??"]
[EventType "swiss"]
[EventRounds "9"]
[EventCountry "SCO"]
[SourceTitle "EXT 1997"]
[Source "ChessBase"]
[SourceDate "1996.11.15"]
[SourceVersion "1"]
[SourceVersionDate "1996.11.15"]
[SourceQuality "1"]

1. e4 Nf6 2. d3 d5 3. exd5 Nxd5 4. Nf3 Bg4 5. Be2 e6 6. 0-0 Nd7 7. c4 N5f6 8. Nc3 c6 9. Be3 Bd6 10. Rb1 0-0 11. b4 Qe7 12. b5 c5 13. d4 Rfd8 14. Nd2 Bf5 15. dxc5 Nxc5 16. Rb2 Be5 17. Bxc5 Qxc5 18. Qb3 Qd4 19. Rc1 Bxh2+ 20. Kxh2 Qf4+ 21. Kg1 Rxd2 22. Rxd2 Qxd2 23. Rd1 Qf4 24. Qa3 h5 25. Qe7 Rc8 26. Qxb7 Rxc4 27. Bxc4 Qxc4 28. Qc6 Qh4 29. f3 Qf4 30. Qa8+ Kh7 31. Qxa7 e5 32. Qc5 e4 33. Qd4 h4 34. Nxe4 Bxe4 35. fxe4 Ng4 36. e5 Qh2+ 37. Kf1 Nxe5 38. Qe4+ g6 39. Rd5 f6 40. Rd4 Qh1+ 41. Ke2 h3 42. Qh4+ Kg7 43. Qxh3 Qb1 44. Qb3 Qg1 45. Qd5 Qb1 46. a4 Qc2+ 47. Kf1 g5 48. Qb7+ Kh6 49. Qe4 Qb2 50. Kg1 g4 51. Qf4+ Kg7 52. Rd6 Qb1+ 53. Kh2 Qg6 54. Kg3 Nf7 55. Rd7 f5 56. Qc7 Qe6 57. Rxf7+ 1-0

[Event "SCO-ch"]
[Site "Scotland"]
[Date "1994.??.??"]
[Round "?"]
[White "Beaton, Kenneth S"]
[Black "Condie, Mark L"]
[Result "0-1"]
[WhiteElo "2115"]
[BlackElo "2455"]
[PlyCount "154"]
[EventDate "1994.??.??"]
[EventType "swiss"]
[EventRounds "9"]
[EventCountry "SCO"]
[SourceTitle "EXT 1998"]
[Source "ChessBase"]
[SourceDate "1997.11.17"]
[SourceVersion "1"]
[SourceVersionDate "1997.11.17"]
[SourceQuality "1"]

1. d4 e6 2. e4 c5 3. d5 exd5 4. exd5 d6 5. c4 Nf6 6. Nc3 Be7 7. Bd3 0-0 8. h3 Re8 9. Nf3 Bf8+ 10. Be3 a6 11. 0-0 b6 12. Re1 Ra7 13. Qc2 Rae7 14. Bd2 Nbd7 15. Rxe7 Rxe7 16. Re1 g6 17. Rxe7 Qxe7 18. Qb3 Bg7 19. Na4 Qd8 20. Bf4 Ne8 21. Nc3 Bb7 22. a4 Bc8 23. Bg5 Qc7 24. Bf4 Ndf6 25. Ng5 Nh5 26. Bd2 Be5 27. Ne2 Nhg7 28. Nf3 Bf6 29. Ng3 Bd8 30. Bc3 Nf6 31. Bd2 Nfh5 32. Nxh5 Nxh5 33. Ng5 Ng7 34. Ne4 Nf5 35. Bc3 Nd4 36. Bxd4 cxd4 37. Qa3 f5 38. Nd2 Bf6 39. b4 Qe7 40. Kf1 a5 41. bxa5 bxa5 42. Qb3 Qc7 43. Qb5 Bd7 44. Qb3 Kf7 45. Nb1 Bg5 46. Na3 Bd2 47. Qc2 Bb4 48. Nb5 Qd8 49. Qc1 Qf6 50. Kg1 f4 51. Qd1 Kg7 52. Be4 Bc5 53. Qe2 h5 54. Qd2 Qe5 55. Qd3 Kh6 56. Kf1 g5 57. Bh7 Qf6 58. Be4 g4 59. hxg4 hxg4 60. g3 f3 61. Ke1 Qg5 62. Kd1 Kg7 63. Kc2 Kf6 64. Kb2 Qe5 65. Ka2 Bf5 66. Bxf5 Qxf5 67. Qd2 Kg6 68. Nc7 Bb4 69. Qd1 d3 70. Ne6 d2 71. Qb3 Qe4 72. Nf4+ Kf7 73. c5 dxc5 74. d6+ c4 75. Qd1 Ke8 76. Nh5 Kd8 77. Nf6 Qd3 0-1

[Event "SCO-ch"]
[Site "Scotland"]
[Date "1994.??.??"]
[Round "?"]
[White "Condie, Mark L"]
[Black "Grant, Jonathan"]
[Result "0-1"]
[WhiteElo "2455"]
[BlackElo "2255"]
[PlyCount "84"]
[EventDate "1994.??.??"]
[EventType "swiss"]
[EventRounds "9"]
[EventCountry "SCO"]
[SourceTitle "EXT 1998"]
[Source "ChessBase"]
[SourceDate "1997.11.17"]
[SourceVersion "1"]
[SourceVersionDate "1997.11.17"]
[SourceQuality "1"]

1. d4 Nf6 2. Bg5 e6 3. e4 h6 4. Bxf6 Qxf6 5. Nc3 Bb4 6. Nge2 d6 7. Qd2 e5 8. a3 Bxc3 9. Nxc3 c6 10. 0-0-0 0-0 11. Bc4 Nd7 12. Rhf1 Qf4 13. Qxf4 exf4 14. Ne2 g5 15. h4 Re8 16. hxg5 hxg5 17. f3 d5 18. Bd3 dxe4 19. fxe4 Nf6 20. e5 Nd5 21. Rf2 Bg4 22. g3 fxg3 23. Nxg3 Bxd1 24. Kxd1 Nf4 25. Bc4 Rad8 26. c3 Rxe5 27. Kc2 Re1 28. Nf5 Rh1 29. Ng3 Rg1 30. Ne4 Rg2 31. Rxg2 Nxg2 32. Nxg5 Ne3+ 33. Kd3 Nxc4 34. Kxc4 Kg7 35. Kd3 Kg6 36. Nf3 Kf5 37. c4 Rh8 38. d5 Rh3 39. Ke2 cxd5 40. c5 Kf4 41. Nd2 f5 42. b3 Rc3 0-1

[Event "SCO-ch"]
[Site "Scotland"]
[Date "1994.??.??"]
[Round "?"]
[White "Condie, Mark L"]
[Black "Muir, Andrew Joseph"]
[Result "1-0"]
[WhiteElo "2455"]
[BlackElo "2340"]
[PlyCount "67"]
[EventDate "1994.??.??"]
[EventType "swiss"]
[EventRounds "9"]
[EventCountry "SCO"]
[SourceTitle "EXT 1998"]
[Source "ChessBase"]
[SourceDate "1997.11.17"]
[SourceVersion "1"]
[SourceVersionDate "1997.11.17"]
[SourceQuality "1"]

1. Nf3 d5 2. b3 Nf6 3. Bb2 e6 4. e3 Bd6 5. Ne5 0-0 6. f4 Ne4 7. Qf3 f6 8. Ng4 e5 9. d3 Bxg4 10. Qxg4 Nc5 11. f5 a5 12. a4 c6 13. Be2 Qc7 14. e4 Nba6 15. 0-0 Nb4 16. Na3 Qb6 17. Kh1 Nxc2 18. Nxc2 Qxb3 19. Ba3 Qxc2 20. Rfc1 Qd2 21. Bxc5 Bxc5 22. Rxc5 dxe4 23. dxe4 Rfd8 24. Rcc1 Rd4 25. Rab1 Rad8 26. h3 R8d7 27. Bc4+ Kf8 28. Be6 Rc7 29. Rd1 Qe3 30. Qh5 Qxe4 31. Qxh7 Qh4 32. Qg8+ Ke7 33. Qf7+ Kd6 34. Qf8+ 1-0

[Event "SCO-ch"]
[Site "Scotland"]
[Date "1994.??.??"]
[Round "?"]
[White "Condie, Mark L"]
[Black "Parker, Jonathan"]
[Result "1/2-1/2"]
[WhiteElo "2455"]
[BlackElo "2390"]
[PlyCount "72"]
[EventDate "1994.??.??"]
[EventType "swiss"]
[EventRounds "9"]
[EventCountry "SCO"]
[SourceTitle "EXT 1998"]
[Source "ChessBase"]
[SourceDate "1997.11.17"]
[SourceVersion "1"]
[SourceVersionDate "1997.11.17"]
[SourceQuality "1"]

1. d4 d5 2. c4 e6 3. Nf3 Nf6 4. Bg5 Be7 5. Nc3 h6 6. Bxf6 Bxf6 7. e3 0-0 8. Qb3 c6 9. Rd1 Nd7 10. Bd3 b6 11. 0-0 g6 12. e4 dxe4 13. Nxe4 Bg7 14. Nd6 Qc7 15. Qa3 Rd8 16. c5 bxc5 17. dxc5 Rb8 18. Rd2 Nxc5 19. Nxc8 Nxd3 20. Ne7+ Kh7 21. Nxg6 fxg6 22. Rxd3 Rxd3 23. Qxd3 Rxb2 24. h4 Qa5 25. a4 Qxa4 26. h5 Qg4 27. hxg6+ Qxg6 28. Qd7 Rb1 29. Rxb1 Qxb1+ 30. Kh2 Qf5 31. Qxc6 a5 32. Qc4 e5 33. Kg1 Qb1+ 34. Kh2 Qf5 35. Kg1 Qb1+ 36. Kh2 Qf5 1/2-1/2

[Event "Edinburgh op"]
[Site "Edinburgh"]
[Date "1989.03.24"]
[Round "1"]
[White "Condie, Mark L"]
[Black "Jackson, Sheila"]
[Result "1-0"]
[WhiteElo "2450"]
[BlackElo "2210"]
[PlyCount "71"]
[EventDate "1989.03.24"]
[EventType "swiss"]
[EventRounds "9"]
[EventCountry "SCO"]
[SourceTitle "EXT 2003"]
[Source "ChessBase"]
[SourceDate "2002.11.25"]
[SourceVersion "1"]
[SourceVersionDate "2002.11.25"]
[SourceQuality "1"]

1. d4 Nf6 2. c4 e6 3. Nf3 b6 4. g3 Bb7 5. Bg2 Bb4+ 6. Nbd2 0-0 7. 0-0 d5 8. Ne5 Nbd7 9. Qa4 Bd6 10. Ndf3 c5 11. Bf4 Bxe5 12. dxe5 Nh5 13. Bg5 f6 14. exf6 Nhxf6 15. e4 h6 16. Bxf6 Nxf6 17. exd5 exd5 18. Nh4 Qc7 19. cxd5 Bxd5 20. Bxd5+ Nxd5 21. Rad1 Nf6 22. Nf5 Rad8 23. Rxd8 Rxd8 24. Re1 Rd7 25. Qc4+ Kh7 26. Qc2 Kh8 27. Nh4 Qd6 28. Qf5 Kg8 29. Ng6 Rd8 30. Ne7+ Kh8 31. Re6 Qd1+ 32. Kg2 Nh7 33. Rxh6 gxh6 34. Qe5+ Nf6 35. Qxf6+ Kh7 36. Qg6+ 1-0

[Event "SCO-ch"]
[Site "St Andrews"]
[Date "1989.??.??"]
[Round "4"]
[White "Condie, Mark L"]
[Black "Bryson, Douglas Marshall"]
[Result "1/2-1/2"]
[WhiteElo "2450"]
[BlackElo "2275"]
[PlyCount "75"]
[EventDate "1989.??.??"]
[EventType "swiss"]
[EventRounds "9"]
[EventCountry "SCO"]
[SourceTitle "EXT 2000"]
[Source "ChessBase"]
[SourceDate "1999.11.16"]
[SourceVersion "1"]
[SourceVersionDate "1999.11.16"]
[SourceQuality "1"]

1. d4 d5 2. c4 e6 3. Nc3 c5 4. e3 Nf6 5. Nf3 Nc6 6. a3 cxd4 7. exd4 Be7 8. c5 0-0 9. Bf4 b6 10. Bb5 Bd7 11. Bxc6 Bxc6 12. Ne5 Rc8 13. b4 bxc5 14. bxc5 Bb5 15. Qb3 Bc4 16. Qa4 Nh5 17. Be3 Bf6 18. Nxc4 Rxc5 19. dxc5 Bxc3+ 20. Ke2 Bxa1 21. Rxa1 dxc4 22. Rd1 Qh4 23. c6 Nf4+ 24. Bxf4 Qxf4 25. h3 Qe5+ 26. Kf1 Qc5 27. Rc1 c3 28. Qb4 Qxc6 29. Rxc3 Qd5 30. Kg1 h6 31. Qe7 Qd4 32. Rc7 Qa1+ 33. Kh2 Qe5+ 34. g3 Qd4 35. Kg1 Qd1+ 36. Kh2 Qd4 37. Kg1 Qd1+ 38. Kh2 1/2-1/2

[Event "SCO-ch"]
[Site "St Andrews"]
[Date "1989.??.??"]
[Round "1"]
[White "Upton, Timothy J"]
[Black "Condie, Mark L"]
[Result "0-1"]
[WhiteElo "2280"]
[BlackElo "2450"]
[PlyCount "270"]
[EventDate "1989.??.??"]
[EventType "swiss"]
[EventRounds "9"]
[EventCountry "SCO"]
[SourceTitle "EXT 2000"]
[Source "ChessBase"]
[SourceDate "1999.11.16"]
[SourceVersion "1"]
[SourceVersionDate "1999.11.16"]
[SourceQuality "1"]

1. e4 e5 2. Nf3 Nc6 3. d4 exd4 4. Bc4 Nf6 5. e5 d5 6. Bb5 Ne4 7. Nxd4 Bc5 8. 0-0 0-0 9. Bxc6 bxc6 10. Be3 Qe8 11. Re1 Qxe5 12. Nxc6 Qd6 13. Nd4 Qg6 14. Nf3 Bh3 15. Nh4 Qf6 16. Bxc5 Qxh4 17. gxh3 Nxc5 18. Qxd5 Ne6 19. Nc3 Rad8 20. Qg2 Rd2 21. Qg3 Qh6 22. Re2 Rxe2 23. Nxe2 Rd8 24. Nc3 Nf4 25. Re1 Nxh3+ 26. Kh1 Nf4 27. Re4 Ne6 28. Qh4 Qc1+ 29. Kg2 g5 30. Ne2 Qxc2 31. Qg4 Qc6 32. f3 Rd2 33. Kg3 Qd6+ 34. Kf2 h6 35. h4 Nf4 36. hxg5 Nd3+ 37. Ke3 Ne5 38. Rxe5 Rxe2+ 39. Kxe2 Qxe5+ 40. Kf1 hxg5 41. Qc8+ Kg7 42. Qb7 a5 43. Qb3 Kf6 44. Kf2 Qd4+ 45. Kg2 a4 46. Qb8 Qd2+ 47. Kh3 Qd7+ 48. Kg2 Qd2+ 49. Kh3 Qf4 50. Qh8+ Ke7 51. Qc3 Kd6 52. Qd3+ Kc5 53. Qa3+ Kb6 54. Qc3 c5 55. Qd3 Qd4 56. Qe2 Qd7+ 57. Kg3 Qd6+ 58. Kg4 f6 59. Qe4 Qd4 60. Kf5 Qxe4+ 61. Kxe4 Kb5 62. Kf5 a3 63. b3 Kb4 64. Kxf6 Kc3 65. Kxg5 Kb2 66. f4 Kxa2 67. f5 Kxb3 68. f6 a2 69. f7 a1Q 70. f8Q Qe5+ 71. Kg4 c4 72. Qf7 Kc3 73. Kh4 Kd4 74. Qa7+ Ke4 75. Qa4 Kd4 76. Qa7+ Kd3 77. Qa6 Qd5 78. Kg4 Ke4 79. Qg6+ Ke3 80. Qh6+ Kf2 81. Qf6+ Ke2 82. Qb2+ Kd3 83. Qb1+ Kd4 84. Qg1+ Ke5 85. Qh2+ Kf6 86. Qh8+ Ke7 87. Qg7+ Kd6 88. Qf8+ Kd7 89. Qg7+ Kc6 90. Qf6+ Kc5 91. Qf8+ Kb5 92. Qb8+ Ka4 93. Qa7+ Kb3 94. Qb6+ Kc2 95. Qf2+ Qd2 96. Qa7 Qe2+ 97. Kh4 Qe4+ 98. Kh5 Qd5+ 99. Kh6 c3 100. Qb6 Kd3 101. Qg6+ Kd2 102. Qb6 c2 103. Qb4+ Kc1 104. Qb6 Kd1 105. Qg1+ Kd2 106. Qf2+ Kc3 107. Qe3+ Kb2 108. Qb6+ Qb3 109. Qf6+ Kb1 110. Qf5 Qb6+ 111. Kh7 Qc7+ 112. Kh8 Kb2 113. Qb5+ Ka3 114. Qd3+ Kb4 115. Qd4+ Kb5 116. Qd5+ Kb4 117. Qd4+ Kb3 118. Qd5+ Qc4 119. Qb7+ Ka2 120. Qa7+ Kb2 121. Qb6+ Qb3 122. Qf2 Qb8+ 123. Kh7 Qc7+ 124. Kg8 Qc8+ 125. Kh7 Kb3 126. Qb6+ Ka4 127. Qd4+ Kb5 128. Qb2+ Ka6 129. Qa2+ Kb7 130. Qb2+ Ka7 131. Qa3+ Kb8 132. Qc1 Qc7+ 133. Kg6 Kc8 134. Kf5 Qd7+ 135. Ke4 Qd1 0-1

[Event "Edinburgh op"]
[Site "Edinburgh"]
[Date "1988.??.??"]
[Round "8"]
[White "Giulian, Philip Maurice"]
[Black "Condie, Mark L"]
[Result "0-1"]
[WhiteElo "2270"]
[BlackElo "2455"]
[PlyCount "60"]
[EventDate "1988.??.??"]
[EventType "swiss"]
[EventRounds "9"]
[EventCountry "SCO"]
[SourceTitle "TD"]
[Source "ChessBase"]
[SourceDate "1994.03.01"]
[SourceVersion "1"]
[SourceVersionDate "1994.03.01"]
[SourceQuality "1"]

1. d4 d5 2. c4 dxc4 3. e3 Nf6 4. Bxc4 e6 5. Nf3 c5 6. 0-0 a6 7. a4 Nc6 8. Qe2 Qc7 9. Nc3 Bd6 10. dxc5 Bxc5 11. e4 Ng4 12. g3 Nge5 13. Nxe5 Nxe5 14. Ba2 Qb6 15. a5 Qa7 16. Na4 Bd7 17. Nxc5 Qxc5 18. Be3 Qb4 19. Bf4 Bb5 20. Qh5 Ng6 21. Rfe1 0-0 22. Be3 Rac8 23. Qg5 Rc2 24. h4 Qxe4 25. Bc5 Qf3 26. Qe3 Nxh4 27. gxh4 Qg4+ 28. Qg3 Qxg3+ 29. fxg3 Rxc5 30. Rad1 Rfc8 0-1

[Event "Edinburgh op"]
[Site "Edinburgh"]
[Date "1988.??.??"]
[Round "6"]
[White "Lalic, Susan"]
[Black "Condie, Mark L"]
[Result "0-1"]
[WhiteElo "2340"]
[BlackElo "2455"]
[PlyCount "78"]
[EventDate "1988.??.??"]
[EventType "swiss"]
[EventRounds "9"]
[EventCountry "SCO"]
[SourceTitle "TD"]
[Source "ChessBase"]
[SourceDate "1994.03.01"]
[SourceVersion "1"]
[SourceVersionDate "1994.03.01"]
[SourceQuality "1"]

1. e4 e5 2. Nf3 Nc6 3. d4 exd4 4. Nxd4 Nge7 5. Be3 Nxd4 6. Bxd4 Nc6 7. Be3 Bb4+ 8. Nd2 Qe7 9. Bd3 Ne5 10. Be2 Ng6 11. 0-0 0-0 12. c3 Bc5 13. Bxc5 Qxc5 14. Nb3 Qe7 15. Bd3 Nf4 16. Re1 Qg5 17. Qf3 d6 18. Bf1 Bd7 19. Qg3 Qf6 20. Rad1 Rae8 21. Nd4 Nh5 22. Qe3 Re7 23. Nf3 Bg4 24. Be2 Nf4 25. Nd4 Bc8 26. Bf3 Rfe8 27. Ne2 Nxe2+ 28. Rxe2 b6 29. Qd3 Re5 30. Re3 Qg6 31. g3 Bb7 32. Rde1 d5 33. Qd4 dxe4 34. Bg2 Qe6 35. f4 Rh5 36. Bxe4 Qh3 37. Bxh7+ Kxh7 38. Qd3+ g6 39. Rxe8 Qg2# 0-1

[Event "Edinburgh op"]
[Site "Edinburgh"]
[Date "1988.??.??"]
[Round "2"]
[White "Morrison, Graham"]
[Black "Condie, Mark L"]
[Result "1/2-1/2"]
[WhiteElo "2320"]
[BlackElo "2455"]
[PlyCount "113"]
[EventDate "1988.??.??"]
[EventType "swiss"]
[EventRounds "9"]
[EventCountry "SCO"]
[SourceTitle "TD"]
[Source "ChessBase"]
[SourceDate "1994.03.01"]
[SourceVersion "1"]
[SourceVersionDate "1994.03.01"]
[SourceQuality "1"]

1. e4 e5 2. Nf3 Nc6 3. Bb5 Nge7 4. c3 g6 5. 0-0 Bg7 6. d4 exd4 7. cxd4 d5 8. exd5 Nxd5 9. Re1+ Be6 10. Ne5 0-0 11. Bxc6 bxc6 12. Nc3 c5 13. Nc6 Nxc3 14. bxc3 Qd6 15. Qf3 cxd4 16. cxd4 Rfe8 17. Bf4 Qd7 18. Rac1 Bd5 19. Ne7+ Rxe7 20. Rxe7 Qxe7 21. Qxd5 Rd8 22. Qc5 Qe4 23. Qxc7 Re8 24. Be5 Bxe5 25. dxe5 Qxe5 26. Qxe5 Rxe5 27. Kf1 Kg7 28. Rc6 Ra5 29. Rc2 Kf6 30. Ke2 Ke5 31. Kd3 Kd5 32. Rd2 Ra3+ 33. Kc2+ Kc4 34. Kb2 Rd3 35. Re2 Rd5 36. Kc1 Rg5 37. Rc2+ Kb5 38. Rb2+ Kc6 39. Rc2+ Kd6 40. Rd2+ Ke6 41. Re2+ Kf6 42. g3 Rh5 43. h4 Rf5 44. Kd1 Ra5 45. Rd2 Kf5 46. Ke1 Kg4 47. Rd7 f5 48. Rxh7 Rxa2 49. Rh6 Ra6 50. h5 Ra1+ 51. Ke2 g5 52. Rf6 Rh1 53. h6 f4 54. gxf4 gxf4 55. Rg6+ Kf5 56. Ra6 Kg5 57. Rxa7 1/2-1/2

[Event "SCO-ch"]
[Site "Hamilton"]
[Date "1987.??.??"]
[Round "6"]
[White "McNab, Colin Anderson"]
[Black "Condie, Mark L"]
[Result "0-1"]
[WhiteElo "2415"]
[BlackElo "2435"]
[PlyCount "84"]
[EventDate "1987.07.??"]
[EventType "swiss"]
[EventRounds "9"]
[EventCountry "SCO"]
[SourceTitle "EXT 2002"]
[Source "ChessBase"]
[SourceDate "2001.11.25"]
[SourceVersion "1"]
[SourceVersionDate "2001.11.25"]
[SourceQuality "1"]

1. Nf3 d5 2. c4 c6 3. b3 Bg4 4. Bb2 Nd7 5. cxd5 cxd5 6. d4 e6 7. e3 Ngf6 8. Be2 Bb4+ 9. Bc3 Bd6 10. h3 Bh5 11. Nbd2 Rc8 12. Bb2 Ne4 13. 0-0 f5 14. Nxe4 fxe4 15. Ne5 Bxe2 16. Qxe2 Bxe5 17. dxe5 0-0 18. Rac1 Nc5 19. Ba3 Qa5 20. Qb2 Nd3 21. Rxc8 Rxc8 22. b4 Qa4 23. Qb3 Qxb3 24. axb3 b5 25. f3 Rc2 26. fxe4 dxe4 27. Ra1 Kf7 28. Kh2 Kg6 29. h4 h5 30. Kg1 a6 31. Kh2 Kf7 32. Kh3 Ke7 33. g4 g6 34. gxh5 gxh5 35. Rg1 Ra2 36. Rg5 Rxa3 37. Rxh5 Rxb3 38. Kg4 Nxb4 39. Rh7+ Kf8 40. Kf4 Nd5+ 41. Kxe4 Rxe3+ 42. Kd4 Rc3 0-1